000 00580nam a2200229Ia 4500
003 OSt
005 20220918221954.0
006 a|||||r|||| 00| 0
007 ta
008 220917b |||||||| |||| 00| 0 eng d
024 _a214,072
037 _cTextual
040 _aARTS
_cARTS
_beng
041 _2eng
_aeng
082 _aQ2, P3
100 _aSingh Dharam Vir
_9141832
245 0 _aHinduism
_b An introduction
260 _aNew Delh
_bRupa & co.
_c2003
300 _a154 p
_ccm.
942 _hQ2, P3
_cTEXL
_2CC
999 _c274134
_d274134